[Event "Saint John op-2"]
[Site "Saint John"]
[Date "1988.??.??"]
[Round "?"]
[White "Olafsson, Helgi"]
[Black "Velikov, Petar"]
[Result "1-0"]
[WhiteElo "2510"]
[BlackElo "2475"]

1.d4 d5 2.c4 c6 3.Nc3 Nf6 4.e3 e6 5.Nf3 a6 6.Qc2 Nbd7 7.e4 dxe4 8.Nxe4 Nxe4
9.Qxe4 Bb4+ 10.Bd2 Bxd2+ 11.Nxd2 c5 12.dxc5 Qc7 13.Qd4 e5 14.Qd6 Qxc5 15.Ne4 Qxd6
16.Nxd6+ Ke7 17.Nf5+ Kf8 18.O-O-O g6 19.Nd6 Ke7 20.g3 Nc5 21.b4 Bg4 22.bxc5 Bxd1
23.Kxd1 b6 24.Bg2 Rab8 25.Re1 bxc5 26.Nb7 f6 27.f4 Rhc8 28.Kc2 Rc7 29.Na5 Rb6
30.fxe5 fxe5 31.Rxe5+ Kf6 32.Re2 Re6 33.Rxe6+ Kxe6 34.Nb7 Ke5 35.Kd3 Rc8
36.Ke3 Rc7 37.Bd5 Rc8 38.Be4 Rc7 39.Na5 Rf7 40.Bf3 Rf8 41.Nb3 Kd6 42.Nd2 Ke5
43.Ne4 Rc8 44.Bd1 Rc7 45.Bc2 Rc8 46.h4 Rc7 47.g4 Rc6 48.g5 Rc7 49.Nf6 Rb7
50.Be4 Rb4 51.Bd3 Ra4 52.Nxh7 Rxa2 53.Bxg6 Rh2 54.h5 a5 55.h6 a4 56.Nf6 a3
57.Bb1 a2 58.Bxa2 Rxa2 59.h7 Ra8 60.Ng8  1-0

[Event "Saint John op-1"]
[Site "Saint John"]
[Date "1988.??.??"]
[Round "?"]
[White "Toshkov, Tihomir"]
[Black "Russek, Guil"]
[Result "1-0"]
[WhiteElo "2395"]
[BlackElo "2305"]

1.d4 e6 2.c4 d5 3.Nc3 Nf6 4.Nf3 c6 5.e3 Nbd7 6.Bd3 Bd6 7.O-O O-O 8.e4 dxc4
9.Bxc4 e5 10.h3 h6 11.Qc2 Qc7 12.Be3 exd4 13.Nxd4 Ne5 14.Bb3 Ng6 15.Rad1 Bd7
16.e5 Nxe5 17.f4 Neg4 18.hxg4 Nxg4 19.Bc1 Rad8 20.Ne4 Bc8 21.g3 Qa5 22.Kg2 Rfe8
23.Nxc6 bxc6 24.Nxd6 Rxd6 25.Rxd6 Bf5 26.Qc4 Be4+ 27.Kg1 Qh5 28.Qxf7+ Qxf7
29.Bxf7+ Kxf7 30.Re1 Nf6 31.Rd4 Re7 32.g4 c5 33.Ra4 Rd7 34.g5 Bc6 35.Ra6 Bb7
36.Rxa7 Ng4 37.a4 h5 38.f5 h4 39.Bf4  1-0

[Event "Saint John op-1"]
[Site "Saint John"]
[Date "1988.??.??"]
[Round "?"]
[White "Semkov, Semko"]
[Black "Lindsay, Fred"]
[Result "0-1"]
[WhiteElo "2470"]
[BlackElo "2250"]

1.d4 d5 2.c4 e6 3.Nc3 c6 4.e3 Nf6 5.Nf3 Nbd7 6.Qc2 Bd6 7.Be2 O-O 8.O-O Qe7
9.a3 dxc4 10.Bxc4 e5 11.h3 h6 12.Nh4 Nb6 13.Ba2 e4 14.Ng6 Qe8 15.Nxf8 Kxf8
16.f3 exf3 17.e4 fxg2 18.Qxg2 Be7 19.Be3 Bd8 20.Rae1 Qd7 21.Rf3 Qe7 22.Qf2 Kg8
23.a4 Be6 24.Bxe6 Qxe6 25.e5 Nfd5 26.Rf1 Nxe3 27.Qxe3 Bg5 28.Qe4 Rf8 29.h4 Be7
30.R1f2 Nd7 31.Rg3 Kh8 32.Rf4 c5 33.Rfg4 Rg8 34.Qg2 Bf8 35.d5 Qxe5 36.Re4 Qd6
37.Re2 Nf6 38.Kh1 Qf4 39.Qh3 Bd6 40.Rf3 Qc4 41.h5 a6 42.Rxf6 gxf6 43.Re4 Qb3
44.Qf5 Qc2 45.Qxf6+ Rg7 46.Qxh6+ Kg8 47.Re2 Qf5 48.Re8+ Bf8 49.Rxf8+ Kxf8
50.Qh8+ Rg8 51.Qh6+ Ke8 52.Qe3+ Kd8 53.Kh2 Qxh5+  0-1

[Event "Saint John op-2"]
[Site "Saint John"]
[Date "1988.??.??"]
[Round "?"]
[White "Frias, Victor J"]
[Black "Nogueiras, Jesus"]
[Result "1/2-1/2"]
[WhiteElo "2485"]
[BlackElo "2560"]

1.c4 e6 2.d4 Nf6 3.Nf3 d5 4.Nc3 c6 5.e3 Nbd7 6.Bd3 Be7 7.O-O O-O 8.e4 dxe4
9.Nxe4 b6 10.Qe2 Bb7 11.Rd1 Qc7 12.Bg5 c5 13.dxc5 bxc5 14.Bc2 Rad8 15.h3 Rfe8
16.Nc3 Nb6 17.Ne5  1/2-1/2

[Event "Saint John op-1"]
[Site "Saint John"]
[Date "1988.??.??"]
[Round "?"]
[White "Lalic, Bogdan"]
[Black "Nogueiras, Jesus"]
[Result "1/2-1/2"]
[WhiteElo "2495"]
[BlackElo "2560"]

1.d4 Nf6 2.Nf3 e6 3.c4 d5 4.Nc3 c6 5.e3 Nbd7 6.Bd3 Be7 7.O-O O-O 8.e4 dxe4
9.Nxe4 b6 10.Nxf6+ Nxf6 11.b3 Bb7 12.Bb2 c5 13.dxc5 Bxc5 14.Qe2 Bxf3 15.Qxf3 Bd4
16.Bxd4 Qxd4 17.Rfd1 Qc5 18.a3  1/2-1/2

[Event "Saint John op-2"]
[Site "Saint John"]
[Date "1988.??.??"]
[Round "?"]
[White "Thorsteins, Karl"]
[Black "Ross, Paul"]
[Result "1-0"]
[WhiteElo "2445"]
[BlackElo "2235"]

1.d4 d5 2.c4 e6 3.Nc3 c6 4.Nf3 Nf6 5.e3 Nbd7 6.Bd3 dxc4 7.Bxc4 b5 8.Bd3 Bb7
9.e4 b4 10.Na4 c5 11.e5 Nd5 12.dxc5 Qa5 13.O-O Bxc5 14.Re1 Be7 15.Nd4 O-O
16.Qg4 Rfd8 17.Bh6 Bf8 18.Bg5 Re8 19.Bb5 N5b6 20.Nxb6 Nxb6 21.Bxe8 Rxe8 22.Nb3 Qb5
23.Re3 Nc4 24.Qe2 Qd5 25.Rg3 Nxe5 26.Rd1  1-0

[Event "Wch-blitz"]
[Site "Saint John"]
[Date "1988.??.??"]
[Round "4"]
[White "Georgiev, Kiril"]
[Black "Vaganian, Rafael A"]
[Result "1/2-1/2"]
[WhiteElo "2595"]
[BlackElo "2625"]

1.Nf3 Nf6 2.c4 c6 3.d4 d5 4.e3 e6 5.Nc3 Nbd7 6.Bd3 dxc4 7.Bxc4 b5 8.Bb3 Bb7
9.O-O b4 10.Ne2 Bd6 11.Nf4 O-O 12.Re1 c5 13.d5 exd5 14.Nxd5 Ne5 15.e4 Nxf3+
16.Qxf3 Nxd5 17.Bxd5 Bxd5 18.exd5 c4 19.Be3 Qf6 20.Qxf6 gxf6 21.Bd4 a5 22.Bxf6 Rfe8
23.Kf1 h5 24.Rxe8+ Rxe8 25.Re1 Rxe1+ 26.Kxe1 Kh7 27.b3 Kg6 28.Bd8 Kf5 29.Bxa5 cxb3
30.axb3 Ke4 31.Ke2 Kxd5 32.h3 Kd4 33.Kd2 Bf4+ 34.Kc2 Bd6 35.Bb6+ Ke4 36.Be3 f5
37.Bd2 Bc5 38.f3+ Kd4 39.g4 fxg4 40.fxg4 hxg4 41.hxg4 Ke4 42.Bc1 Be7 43.Bd2 Bd6
44.g5 Bf8 45.g6 Kf5 46.Bxb4 Bh6 47.Bd2 Bf8 48.Bb4 Bh6 49.Bd2 Bf8 50.Kd3 Kxg6
51.Kc4 Kf5 52.Bb4 Bh6 53.Kd5 Bc1 54.Bc5 Bd2 55.Bd4 Be1 56.Bc5 Bd2 57.Bd6 Be1
58.Be5 Bd2 59.Bd4 Be1 60.Be3 Ba5 61.Bc1 Be1 62.Ba3 Ba5 63.Kd6 Ke4 64.Kc5 Kd3
65.Bb4 Kc2 66.Kc4 Bb6 67.Bc3 Bc5 68.Bb4 Bd4 69.Bd6 Bc3 70.Bf4 Ba5 71.Bg3 Bc3
72.Bf2 Ba5 73.Bd4 Bd2 74.Bc5 Ba5 75.Bd4 Bd2 76.Bb6 Bc3 77.Bc5 Ba5 78.Bb4 Bb6
79.Be1 Bc5 80.Bb4 Bd4 81.Ba5 Bc5  1/2-1/2

[Event "Sarajevo"]
[Site "Sarajevo"]
[Date "1988.??.??"]
[Round "?"]
[White "Cvitan, Ognjen"]
[Black "Kovacevic, Vlatko"]
[Result "1-0"]
[WhiteElo "2520"]
[BlackElo "2515"]

1.d4 d5 2.c4 c6 3.Nc3 Nf6 4.e3 e6 5.Nf3 Nbd7 6.Bd3 a6 7.b3 Bd6 8.O-O O-O
9.Bb2 dxc4 10.bxc4 c5 11.Qc2 cxd4 12.exd4 b6 13.Ne4 Be7 14.Nxf6+ Nxf6 15.Ne5 Bb7
16.Rae1 b5 17.c5 Qd5 18.f4 Qxa2 19.Re3 Rad8 20.f5 exf5 21.Bxf5 h6 22.c6 Bc8
23.c7 Rde8 24.Bxc8 Rxc8 25.Nc6 Bd6 26.Rxf6 gxf6 27.Ne7+ Kh8 28.Rh3 Rfe8 29.Qc1 Bf4
30.Qxf4 Qb1+ 31.Bc1  1-0

[Event "SCO-ch"]
[Site "?"]
[Date "1988.??.??"]
[Round "?"]
[White "McKay, Roderick M"]
[Black "Muir, Andrew J"]
[Result "1-0"]
[WhiteElo "2385"]
[BlackElo "2225"]

1.d4 d5 2.c4 e6 3.Nc3 c6 4.Nf3 Nf6 5.e3 Nbd7 6.Qc2 Bd6 7.Be2 O-O 8.O-O e5
9.b3 dxc4 10.bxc4 Re8 11.Rb1 Qe7 12.Rd1 e4 13.Nd2 Nf8 14.c5 Bc7 15.Nc4 Ng4
16.h3 Nxf2 17.Kxf2 Qh4+ 18.Kg1 Bxh3 19.Bf1 Bg4 20.Nd6 Bxd1 21.Nxd1 Re6 22.Qf2 Qxf2+
23.Nxf2 Bxd6 24.cxd6 b5 25.a4 f5 26.Ba3 f4 27.axb5 cxb5 28.Rxb5 fxe3 29.Ng4 Kh8
30.Ne5 g6 31.Bb2 a6 32.Rb7 Rc8 33.d5  1-0

[Event "SCO-ch"]
[Site "?"]
[Date "1988.??.??"]
[Round "?"]
[White "Giulian, Philip M"]
[Black "Muir, Andrew J"]
[Result "1/2-1/2"]
[WhiteElo "2270"]
[BlackElo "2225"]

1.d4 d5 2.c4 e6 3.Nf3 Nf6 4.Nc3 c6 5.e3 Nbd7 6.Bd3 dxc4 7.Bxc4 b5 8.Bd3 a6
9.e4 c5 10.e5 cxd4 11.Nxb5 axb5 12.exf6 Qb6 13.fxg7 Bxg7 14.O-O O-O 15.Re1 Bb7
16.Bf4 Bd5 17.Ne5 Nxe5 18.Bxe5 Bxe5 19.Rxe5 f5 20.Be2 Ra7 21.Bf3 Bxa2 22.Qc1 Bc4
23.Rxa7 Qxa7 24.b3 Qg7 25.Qf4 Bxb3 26.Rxb5 d3 27.h4 Bc2 28.Rb7 Qf6 29.Qc7 Rf7
30.Rb8+ Kg7 31.Qg3+ Qg6 32.Qe5+ Qf6 33.Qg3+ Qg6 34.Qe5+ Qf6  1/2-1/2

[Event "URS-FL56"]
[Site "Simferopol"]
[Date "1988.??.??"]
[Round "?"]
[White "Basin, Leonid"]
[Black "Savchenko, Stanislav"]
[Result "1/2-1/2"]
[WhiteElo "2350"]
[BlackElo "2480"]

1.d4 d5 2.c4 e6 3.Nc3 Nf6 4.e3 c6 5.Nf3 Nbd7 6.Bd3 dxc4 7.Bxc4 b5 8.Bd3 Bb7
9.a3 b4 10.axb4 Bxb4 11.O-O c5 12.Na2 O-O 13.Nxb4 cxb4 14.Qe2 Ne4 15.Nd2 Nxd2
16.Bxd2 Qb6 17.Rfc1 a5 18.Be1 Rfc8 19.f3 Nf6 20.Qd2 h6 21.Bf2  1/2-1/2

[Event "Sochi"]
[Site "Sochi"]
[Date "1988.??.??"]
[Round "?"]
[White "Dokhoian, Yury"]
[Black "Dolmatov, Sergey"]
[Result "1/2-1/2"]
[WhiteElo "2520"]
[BlackElo "2550"]

1.d4 d5 2.c4 e6 3.Nf3 Nf6 4.Nc3 c6 5.e3 Nbd7 6.Bd3 dxc4 7.Bxc4 b5 8.Bd3 a6
9.e4 c5 10.e5 cxd4 11.Nxb5 Nxe5 12.Nxe5 axb5 13.Bxb5+ Bd7 14.Nxd7 Qa5+ 15.Bd2 Qxb5
16.Nxf8 Kxf8 17.a4 Qxb2 18.O-O Ne4  1/2-1/2

[Event "Rilton Cup"]
[Site "Stockholm"]
[Date "1988.??.??"]
[Round "?"]
[White "Engsner, Joakim"]
[Black "Sigfusson, Sigurdur"]
[Result "0-1"]
[WhiteElo "2200"]
[BlackElo "2280"]

1.d4 d5 2.c4 c6 3.Nc3 Nf6 4.Nf3 e6 5.e3 Nbd7 6.Bd3 dxc4 7.Bxc4 b5 8.Bd3 a6
9.e4 c5 10.d5 c4 11.dxe6 fxe6 12.Bc2 Qc7 13.O-O Bc5 14.Qe2 Ng4 15.h3 Nge5
16.Be3 O-O 17.Nxe5 Nxe5 18.Kh1 Ng6 19.Bxc5 Qxc5 20.Rae1 Nf4 21.Qg4 e5 22.Qh4 Be6
23.Rd1 Rf6 24.Kh2 Raf8 25.Nd5 Rh6 26.Qg3 Rg6 27.Nxf4 exf4 28.Qf3 Qe5 29.Qc3 Qh5
30.f3 Bxh3 31.Rd5 Rxg2+ 32.Kh1 Qg6 33.Rd2 Qg3  0-1

[Event "URS Cup rapid"]
[Site "Tallinn"]
[Date "1988.??.??"]
[Round "7"]
[White "Mikhalchishin, Adrian"]
[Black "Novikov, Igor A"]
[Result "1/2-1/2"]
[WhiteElo "2490"]
[BlackElo "2485"]

1.Nf3 Nf6 2.c4 e6 3.Nc3 d5 4.d4 c6 5.e3 Nbd7 6.Qc2 Bd6 7.Be2 dxc4 8.Bxc4 b5
9.Be2 O-O 10.e4 e5 11.Bg5 Re8 12.Rd1 exd4 13.Nxd4 Qc7 14.Bxb5 Nxe4 15.Nxe4 cxb5
16.Be3 Bb4+ 17.Nd2 Qxc2 18.Nxc2 Bxd2+ 19.Rxd2 Ne5 20.b3 Ng4 21.O-O Nxe3 22.Nxe3 Be6
23.Rc1 Rac8 24.Rxc8 Rxc8 25.f4 g6 26.Kf2 h5 27.Nc2 a5 28.Nd4 Bd7 29.Rc2 Rxc2+
30.Nxc2 Kf8 31.a3 b4 32.axb4 axb4 33.Nxb4 Be6  1/2-1/2

[Event "Thessaloniki ol (Men)"]
[Site "Thessaloniki"]
[Date "1988.??.??"]
[Round "2"]
[White "Smejkal, Jan"]
[Black "Baquero, Luis A"]
[Result "1-0"]
[WhiteElo "2515"]
[BlackElo "2345"]

1.c4 e6 2.Nf3 Nf6 3.Nc3 d5 4.d4 c6 5.e3 Nbd7 6.Qc2 a6 7.b3 Bd6 8.Be2 Qe7
9.O-O e5 10.cxd5 cxd5 11.dxe5 Nxe5 12.Bb2 Be6 13.Nd4 O-O 14.Rac1 Rfe8 15.h3 Rad8
16.Nf5 Bxf5 17.Qxf5 Ba3 18.Bxa3 Qxa3 19.Rfd1 d4 20.exd4 Rxd4 21.Re1 Nc6 22.Bf3 Rxe1+
23.Rxe1 Qf8 24.Bxc6 bxc6 25.Qa5 Rd3 26.Na4 Qc8 27.Nc5 Rd5 28.Qxa6 Qxa6 29.Nxa6 Ra5
30.Nb4 c5 31.Re5 g6 32.a4 Nd7 33.Rd5 Nb6 34.Rd6 Nc4 35.Rd8+ Kg7 36.Nc6 Ra6
37.Nb8 Rd6 38.Rxd6 Nxd6 39.a5 Nc8 40.Nd7 c4 41.bxc4 Nd6 42.a6  1-0

[Event "Thessaloniki ol (Men)"]
[Site "Thessaloniki"]
[Date "1988.??.??"]
[Round "2"]
[White "Olafsson, Helgi"]
[Black "O'Donnell, Tom"]
[Result "1-0"]
[WhiteElo "2525"]
[BlackElo "2385"]

1.d4 d5 2.c4 e6 3.Nf3 c6 4.e3 Nf6 5.Nc3 Nbd7 6.Qc2 Bd6 7.Be2 O-O 8.O-O dxc4
9.Bxc4 b5 10.Be2 Bb7 11.Bd2 a6 12.Ne4 Nxe4 13.Qxe4 Qe7 14.Rfd1 e5 15.Qh4 exd4
16.Qxe7 Bxe7 17.Nxd4 g6 18.Ba5 Bf6 19.Rac1 Rac8 20.Bg4 Ne5 21.Bxc8 Rxc8 22.Nb3 Nc4
23.Bc3 Bxc3 24.bxc3 c5 25.Rd7 Be4 26.Rcd1 Rc6 27.f3 Bf5 28.Rd8+ Kg7 29.R1d5 Bb1
30.Rxc5 Re6 31.e4 Bxa2 32.Nd4 Rb6 33.Rc6 Rxc6 34.Nxc6  1-0

[Event "Thessaloniki ol (Men)"]
[Site "Thessaloniki"]
[Date "1988.??.??"]
[Round "4"]
[White "Bellon Lopez, Juan Manuel"]
[Black "Pinter, Jozsef"]
[Result "0-1"]
[WhiteElo "2450"]
[BlackElo "2555"]

1.d4 Nf6 2.c4 e6 3.Nf3 d5 4.Nc3 c6 5.e3 Nbd7 6.b3 Bb4 7.Bd2 O-O 8.Qc2 Qe7
9.Be2 dxc4 10.Bxc4 e5 11.O-O Bd6 12.h3 a6 13.Be2 Re8 14.dxe5 Nxe5 15.Nxe5 Bxe5
16.Rad1 Be6 17.f4 Bxc3 18.Qxc3 Bd5 19.Bc1 Ne4 20.Qc2 Ng3 21.Rfe1 Rad8 22.Bd3 Be4
23.Kh2 Bxd3 24.Rxd3 Rxd3 25.Qxd3 Ne4 26.Qc2 Qh4 27.Rd1 Nf2 28.Rf1 Ng4+ 29.Kg1 Nf6
30.Qf2 Qh5 31.Bb2 Nd5 32.Bd4 f6 33.Qd2 Qf5 34.a4 Qe4 35.Qf2 Rd8 36.Rd1 Ne7
37.b4 Qe6 38.Qc2 Nf5 39.Qc3 h5 40.Rd2 Ng3 41.Qc2 Rxd4  0-1

[Event "Thessaloniki ol (Men)"]
[Site "Thessaloniki"]
[Date "1988.??.??"]
[Round "5"]
[White "Ftacnik, Lubomir"]
[Black "Van der Wiel, John TH"]
[Result "1/2-1/2"]
[WhiteElo "2590"]
[BlackElo "2540"]

1.Nf3 d5 2.d4 Nf6 3.c4 c6 4.Nc3 e6 5.e3 Nbd7 6.Bd3 dxc4 7.Bxc4 b5 8.Bd3 a6
9.e4 c5 10.e5 cxd4 11.Nxb5 Nxe5 12.Nxe5 axb5 13.Bxb5+ Bd7 14.Nxd7 Qa5+ 15.Bd2 Qxb5
16.Nxf8 Kxf8 17.a4 Qxb2 18.O-O Kg8 19.Bf4 h6 20.Be5 Rd8 21.Qd3 Qc3 22.Qxc3 dxc3
23.Bxc3 Kh7 24.Bxf6 gxf6 25.Rfd1 Rxd1+ 26.Rxd1 Ra8 27.Ra1 Ra5 28.Kf1 Kg7
29.Ke2 Kf8 30.Kd3 Ke7 31.Kc4 Kd6 32.Kb4 Rf5 33.a5 Kc7 34.Ra2 h5 35.Rd2 Kc6
36.Rc2+ Kb7 37.f3 h4 38.h3 Rg5 39.Rd2 Kc6 40.Ka4 Rc5 41.Rd8 Rg5 42.Rc8+ Kb7
43.Rf8 Ka6 44.Rxf7 Rxa5+ 45.Kb4 Rg5 46.Rxf6 Kb7 47.Rxe6 Rxg2 48.Re4 Rg3 49.Rxh4 Rxf3
50.Kc5 Kc7 51.Rh7+ Kd8  1/2-1/2

[Event "Thessaloniki ol (Men)"]
[Site "Thessaloniki"]
[Date "1988.??.??"]
[Round "6"]
[White "Greenfeld, Alon"]
[Black "Mariotti, Sergio"]
[Result "1/2-1/2"]
[WhiteElo "2550"]
[BlackElo "2400"]

1.d4 Nf6 2.c4 e6 3.Nf3 d5 4.Nc3 c6 5.e3 Nbd7 6.Bd3 dxc4 7.Bxc4 b5 8.Bd3 b4
9.Ne4 Qb6 10.Ned2 c5 11.Nc4 Qc7 12.e4 cxd4 13.e5 Nd5 14.Bg5 h6 15.Bh4 Bc5
16.Rc1 O-O 17.Bb1 Ba6 18.O-O Rfc8 19.Re1 Be7 20.Bxe7 Nxe7 21.Bd3 Nb6 22.Nfd2 Nxc4
23.Nxc4 Rab8 24.Qd2 Bxc4 25.Rxc4 Qa5 26.Rxd4 Rd8 27.Rd6 Nd5 28.Be4 Rxd6 29.exd6 Rd8
30.a3 Rxd6 31.Bxd5 Rxd5 32.Qxb4 Qxb4 33.axb4 Rb5 34.Re4 a5 35.bxa5 Rxb2 36.h4 Ra2
37.Re5 Kf8 38.Rb5 g5 39.hxg5 hxg5 40.f3 f5 41.g4  1/2-1/2

[Event "Thessaloniki ol (Men)"]
[Site "Thessaloniki"]
[Date "1988.??.??"]
[Round "8"]
[White "Olafsson, Helgi"]
[Black "Lukov, Valentin"]
[Result "1/2-1/2"]
[WhiteElo "2525"]
[BlackElo "2465"]

1.c4 e6 2.Nf3 d5 3.d4 c6 4.e3 Nf6 5.Nc3 Nbd7 6.Qc2 Bd6 7.Be2 O-O 8.O-O dxc4
9.Bxc4 e5 10.Bb3 Qc7 11.Bd2 a6 12.Rac1 b5 13.dxe5 Nxe5 14.Nxe5 Bxe5 15.f4 Bd6
16.e4 Ng4 17.Nd1 c5 18.Bd5 Ra7 19.Ne3 c4 20.Nxg4 Bxg4 21.Be3 Bc5 22.Qf2 Bxe3
23.Qxe3 Be6 24.Bxe6 fxe6 25.b3 Raa8 26.bxc4 bxc4 27.e5 Rac8 28.Rc3 Qc5 29.Qxc5 Rxc5
30.h4 Rd8 31.Rfc1 Rd4 32.g3 Kf7 33.Kf2 Rd2+ 34.Kf3 Rxa2 35.Rxc4 Ra3+ 36.Ke4 Rxc4+
37.Rxc4 Rxg3 38.Rc7+ Kf8 39.Rc6 Kf7 40.Rxa6 Rh3 41.Ra7+ Kf8 42.Kd4 Rxh4 43.Kc5 Rxf4
44.Kd6 Rb4 45.Kxe6  1/2-1/2

[Event "Thessaloniki ol (Men)"]
[Site "Thessaloniki"]
[Date "1988.??.??"]
[Round "12"]
[White "Marin, Mihail"]
[Black "Barbero, Gerardo F"]
[Result "1/2-1/2"]
[WhiteElo "2480"]
[BlackElo "2505"]

1.d4 d5 2.c4 c6 3.Nc3 Nf6 4.e3 e6 5.Nf3 Nbd7 6.Bd3 dxc4 7.Bxc4 b5 8.Bd3 Bb7
9.O-O a6 10.e4 c5 11.d5 c4 12.dxe6 cxd3 13.exd7+ Qxd7 14.Re1 Be7 15.e5 Nd5
16.Ne4 O-O 17.Qxd3 h6 18.Ng3 Rad8 19.e6 fxe6 20.Bxh6 Bf6 21.Bg5 Nc7 22.Qxd7 Rxd7
23.Bxf6 gxf6 24.Rad1 Rxd1 25.Rxd1 Bxf3 26.gxf3 Nd5 27.Ne2 Kf7 28.Rc1 Rg8+
29.Kf1 Rh8 30.Kg2 Rg8+ 31.Kf1 Rh8 32.Rc6 Rxh2 33.Kg1 Rh4 34.Rxa6 Rc4 35.b3 Rc2
36.Nd4 Rc1+ 37.Kh2 b4 38.Nxe6 Rc2 39.Kg3 Nc3 40.Nf4 Nxa2 41.Ra7+ Kf8 42.Kg4 Rxf2
43.Ne6+ Ke8 44.f4 Nc3 45.Rb7 Nd5 46.Rb5 Ke7 47.Rxd5 Kxe6 48.Rb5 f5+ 49.Kg3 Rb2
50.Rxb4 Kd5 51.Rb5+ Ke6 52.Kf3 Rb1 53.Re5+ Kf6 54.Re3 Rf1+ 55.Kg3 Rg1+ 56.Kf2 Rb1
57.Rc3 Kg6 58.Rg3+ Kh5 59.Rg5+ Kh4 60.Rxf5 Rxb3 61.Rg5  1/2-1/2

[Event "Thessaloniki ol (Men)"]
[Site "Thessaloniki"]
[Date "1988.??.??"]
[Round "12"]
[White "Tatai, Stefano"]
[Black "Thorhallsson, Throstur"]
[Result "0-1"]
[WhiteElo "2365"]
[BlackElo "2410"]

1.d4 d5 2.c4 c6 3.Nf3 Nf6 4.Nc3 e6 5.e3 Nbd7 6.Bd3 dxc4 7.Bxc4 b5 8.Be2 Bb7
9.O-O a6 10.e4 c5 11.e5 Nd5 12.a4 Nxc3 13.bxc3 c4 14.Bg5 Be7 15.Bxe7 Qxe7
16.Nd2 O-O 17.Bf3 Nb6 18.axb5 axb5 19.Rb1 Ra5 20.Bxb7 Qxb7 21.Qg4 Qe7 22.Ne4 Nd5
23.Qg3 Kh8 24.Nd6 Qd7 25.h3 f5 26.exf6 gxf6 27.Ne4 Ra3 28.Ra1 b4 29.Rxa3 bxa3
30.Ra1 Ra8 31.Qf3 Qb5 32.Nxf6 Rf8 33.Rxa3 Qb1+ 34.Kh2 Qb8+ 35.g3 Rxf6 36.Qe2 Qf8  0-1

[Event "Tilburg"]
[Site "Tilburg"]
[Date "1988.??.??"]
[Round "?"]
[White "Karpov, Anatoly"]
[Black "Van der Wiel, John TH"]
[Result "1-0"]
[WhiteElo "2725"]
[BlackElo "2540"]

1.c4 c6 2.d4 d5 3.Nf3 Nf6 4.Nc3 e6 5.e3 Nbd7 6.Qc2 Bd6 7.Be2 O-O 8.O-O dxc4
9.Bxc4 b5 10.Be2 Qc7 11.Bd2 Re8 12.Rac1 Qb8 13.Ne4 Nxe4 14.Qxe4 Bb7 15.Qh4 h6
16.Rfd1 a5 17.Be1 Qd8 18.Qxd8 Rexd8 19.Nd2 a4 20.Bf3 Ra6 21.Ne4 Be7 22.a3 Ra7
23.Bb4 Bxb4 24.axb4 Nb6 25.Nc5 Ba8 26.Ra1 Kf8 27.Kf1 Nd7 28.Nd3 Ke7 29.Ra3 Nb6
30.Ke1 Rc8 31.b3 Rcc7 32.Rda1 Bb7 33.Bd1 Bc8 34.bxa4 bxa4 35.Bxa4 f6 36.Bb3 Rxa3
37.Rxa3 g5 38.Kd2 Kd6 39.Ra5 Re7 40.Nc5 f5 41.Nd3 Nd5 42.f3 Rb7 43.Bxd5 exd5
44.Ra8  1-0

[Event "Tirnavia-C"]
[Site "Trnava"]
[Date "1988.??.??"]
[Round "4"]
[White "Szymczak, Zbigniew"]
[Black "Raicevic, Momcilo"]
[Result "1/2-1/2"]
[WhiteElo "2335"]
[BlackElo "2365"]

1.d4 Nf6 2.c4 c6 3.Nc3 d5 4.Nf3 e6 5.e3 Nbd7 6.Bd3 dxc4 7.Bxc4 b5 8.Be2 Bb7
9.e4 b4 10.e5 bxc3 11.exf6 cxb2 12.fxg7 Bxg7 13.Bxb2 Qa5+ 14.Nd2 c5 15.O-O Rd8
16.Nb3 Qc7 17.Rc1 Rg8 18.Bf3 Bh6 19.Rc2 Ne5 20.Bxb7 Qxb7 21.f4 Nc4 22.Nxc5 Qd5
23.Qf3 Nxb2 24.Qxd5 Rxd5 25.Rxb2 Rxd4 26.Ne4 Rg6 27.Rb8+ Ke7 28.Rb7+ Rd7  1/2-1/2

[Event "Tirnavia-B"]
[Site "Trnava"]
[Date "1988.??.??"]
[Round "11"]
[White "Pavlovic, Milos"]
[Black "Plachetka, Jan"]
[Result "1/2-1/2"]
[WhiteElo "2460"]
[BlackElo "2415"]

1.d4 d5 2.c4 e6 3.Nc3 Nf6 4.Nf3 c6 5.e3 Nbd7 6.Bd3 Bb4 7.a3 Bd6 8.e4 dxe4
9.Nxe4 Nxe4 10.Bxe4 O-O 11.O-O e5 12.dxe5 Nxe5 13.Nxe5 Bxe5 14.Bxh7+ Kxh7
15.Qh5+ Kg8 16.Qxe5 Qd3  1/2-1/2

[Event "Tirnavia-B"]
[Site "Trnava"]
[Date "1988.??.??"]
[Round "11"]
[White "Mikhalchishin, Adrian"]
[Black "Lanc, Alois"]
[Result "1-0"]
[WhiteElo "2490"]
[BlackElo "2460"]

1.d4 d5 2.c4 c6 3.Nc3 Nf6 4.Nf3 e6 5.e3 Nbd7 6.Bd3 dxc4 7.Bxc4 b5 8.Bd3 Bb7
9.e4 b4 10.Na4 c5 11.e5 Nd5 12.O-O cxd4 13.Nxd4 Nxe5 14.Bb5+ Nd7 15.Re1 Rc8
16.Qh5 g6 17.Qe5 Qf6 18.Qe4 Bg7 19.Nxe6 fxe6 20.Bg5 Qf7 21.Qxe6+ Qxe6 22.Rxe6+ Kf7
23.Bxd7 Rc7 24.Rd6 Bf6 25.Bxf6 Nxf6 26.Rad1 Kg7 27.Bb5 Rhc8 28.f3 Rc1 29.a3 a6
30.Bf1 Rxd1 31.Rxd1 bxa3 32.bxa3 Rc2 33.Nb6 Kf7 34.Nc4 Ke7 35.Rb1 Bd5 36.Ne3 Bc6
37.Nxc2  1-0

[Event "URS-ch otbor56"]
[Site "Uzhgorod"]
[Date "1988.??.??"]
[Round "?"]
[White "Janjgava, Lasha"]
[Black "Gorelov, Sergey G"]
[Result "1/2-1/2"]
[WhiteElo "2470"]
[BlackElo "2455"]

1.Nf3 Nf6 2.c4 e6 3.Nc3 d5 4.d4 c6 5.e3 Bd6 6.Bd3 Nbd7 7.O-O O-O 8.e4 dxe4
9.Nxe4 Nxe4 10.Bxe4 h6 11.Bc2 e5 12.b3 Re8 13.Re1 Bb4 14.Re3 exd4 15.Rxe8+ Qxe8
16.Qxd4 Bc5 17.Qd3 Nf8 18.Bb2 f6 19.Nd2 Qd7 20.Qc3 Ne6 21.Bf5 Qf7 22.Re1 Ng5
23.Bc2 Bd7 24.b4 Bd6 25.h4 Ne6 26.c5 Be5 27.Qa3 Bxb2 28.Qxb2 Nf8 29.Ne4 Be6
30.Nd6 Qd7 31.Rxe6 Nxe6 32.Bb3 Kh8 33.Qc3 Rf8 34.h5 Nc7 35.Qg3 Nb5 36.Nxb5 cxb5
37.Qf3 Re8 38.Bd5 Re1+ 39.Kh2 Re7 40.g4 b6 41.cxb6 axb6 42.Bb3 Qb7 43.Qxb7 Rxb7
44.f4 Rd7 45.f5 Rd4 46.Be6 g5 47.hxg6 Kg7 48.Bf7 Re4  1/2-1/2

[Event "URS-ch otbor56"]
[Site "Uzhgorod"]
[Date "1988.??.??"]
[Round "?"]
[White "Donchenko, Anatoly G"]
[Black "Gorelov, Sergey G"]
[Result "1/2-1/2"]
[WhiteElo "2385"]
[BlackElo "2455"]

1.d4 d5 2.c4 c6 3.Nf3 Nf6 4.Nc3 e6 5.e3 Nbd7 6.Bd3 Bd6 7.e4 dxe4 8.Nxe4 Nxe4
9.Bxe4 O-O 10.O-O h6 11.Bc2 e5 12.Re1 Bb4 13.Bd2 Bxd2 14.Qxd2 exd4 15.Qxd4 Nf6
16.h3  1/2-1/2

[Event "Vilnius"]
[Site "Vilnius"]
[Date "1988.??.??"]
[Round "?"]
[White "Gelfand, Boris"]
[Black "Serper, Grigory"]
[Result "1-0"]
[WhiteElo "2505"]
[BlackElo "2450"]

1.d4 Nf6 2.c4 c6 3.Nc3 d5 4.Nf3 e6 5.e3 Nbd7 6.Bd3 Be7 7.O-O O-O 8.Qe2 b6
9.e4 dxe4 10.Nxe4 Bb7 11.Rd1 Qc7 12.Bg5 Rfe8 13.c5 bxc5 14.dxc5 h6 15.Bh4 Nxe4
16.Qxe4 Nf6 17.Bxf6 Bxf6 18.Qh7+ Kf8 19.Nd2 Red8 20.Nc4 Rd5 21.Nd6 Rxc5 22.Nxb7 Qxb7
23.Ba6 Qxa6 24.Qh8+ Ke7 25.Qxa8 Qb6 26.Rac1 Rxc1 27.Rxc1 c5 28.b3 Bd4 29.Qf3 f5
30.Rc4 Kf6 31.Ra4 e5 32.Qe2 a5 33.Qd2 Qd8 34.Qxa5 Qd5 35.Qa6+ Kg5 36.Qe2 e4
37.g3 h5 38.Qd2+ Kg6 39.Ra6+ Kh7 40.Qg5 Qf7 41.Rc6  1-0

[Event "Vilnius"]
[Site "Vilnius"]
[Date "1988.??.??"]
[Round "?"]
[White "Khalifman, Alexander"]
[Black "Dokhoian, Yury"]
[Result "1/2-1/2"]
[WhiteElo "2505"]
[BlackElo "2515"]

1.d4 d5 2.c4 c6 3.Nc3 Nf6 4.e3 e6 5.Nf3 Nbd7 6.Bd3 dxc4 7.Bxc4 b5 8.Bd3 a6
9.e4 c5 10.e5 cxd4 11.Nxb5 Nxe5 12.Nxe5 axb5 13.Bxb5+ Bd7 14.Nxd7 Qa5+ 15.Bd2 Qxb5
16.Nxf8 Rxf8 17.a4 Qd5 18.O-O Kd7 19.a5 Rfc8 20.Qa4+ Kd8 21.a6 Ne4 22.Bb4 Nc5
23.Qa5+ Kd7 24.Qb5+ Qc6 25.Qc4 Qd5 26.Qb5+ Qc6 27.Qc4 Qd5 28.Qxd5+ exd5 29.Ra5 Nxa6
30.Rxd5+ Ke6 31.Rxd4 Nxb4 32.Rxb4 Rab8 33.Re1+ Kf5 34.Rxb8 Rxb8 35.Re2 g5
36.h3 h5 37.Kf1 h4 38.Ke1 g4 39.hxg4+ Kxg4 40.Rc2 Rb4 41.Kf1 f5 42.Kg1 Rb3
43.Kh2 Kf4 44.f3 Kg5 45.Kh3 Kh5 46.Rc5  1/2-1/2

[Event "RSFSR-ch"]
[Site "Voronezh"]
[Date "1988.??.??"]
[Round "?"]
[White "Gleizerov, Evgeny"]
[Black "Antoshin, Vladimir S"]
[Result "1/2-1/2"]
[WhiteElo "2405"]
[BlackElo "2305"]

1.d4 d5 2.c4 c6 3.Nf3 Nf6 4.Nc3 e6 5.e3 Nbd7 6.Bd3 Bd6 7.O-O O-O 8.e4 dxe4
9.Nxe4 Nxe4 10.Bxe4 h6 11.Bc2 e5 12.b3 Re8 13.Re1 exd4 14.Rxe8+ Qxe8 15.Qxd4 Bc5
16.Qd3 Nf8 17.Bb2 f6 18.Nh4 Bg4 19.Nf3 Rd8 20.Re1 Qd7 21.Rd1 Qxd3 22.Bxd3 Bxf3
23.Bh7+ Kxh7 24.Rxd8 Bg4 25.Rb8 b6 26.Rb7 a5 27.Bxf6 Ne6 28.Be5 Bf5 29.h3 Bb1
30.a3 Ba2 31.b4 axb4 32.axb4 Bd4 33.Re7 Bxc4 34.Rxe6 Bxe6  1/2-1/2

[Event "RSFSR-ch"]
[Site "Voronezh"]
[Date "1988.??.??"]
[Round "?"]
[White "Yakovich, Yuri"]
[Black "Meister, Yakov"]
[Result "1-0"]
[WhiteElo "2450"]
[BlackElo "2385"]

1.d4 d5 2.c4 e6 3.Nc3 c6 4.Nf3 Nf6 5.e3 Nbd7 6.Bd3 dxc4 7.Bxc4 b5 8.Bd3 Bb7
9.e4 b4 10.Na4 c5 11.e5 Nd5 12.Nxc5 Bxc5 13.dxc5 Nxc5 14.Bb5+ Kf8 15.O-O h6
16.Qd4 Qb6 17.Bc4 Rd8 18.Rd1 Ke7 19.Qg4 g5 20.Rxd5 Rxd5 21.Bxd5 Bxd5 22.Be3 Qa5
23.h4 Rg8 24.hxg5 Ne4 25.Qh5 Nxg5 26.Nxg5 hxg5 27.Bxg5+ Ke8 28.Qh6 b3 29.a3 Kd7
30.Qf6 Rf8 31.Qe7+  1-0